000 02433nam a22004217 4500
999 _c1322
_d1322
003 AR-BaISA
005 20230711144320.0
007 ta
008 230711s2021 ag |||| |||| 000 0 spa d
020 _a9789878407449
040 _bspa
_cAR-BaISA
082 0 4 _222
_a150.195 Is1
245 0 3 _aLa urgencia en la formación del analista /
_cLisandro Isasa compilador, Lucila López compiladora; Guillermo Belaga, Alfredo Carballeda, Mariano Castelli, Silvina Gamsie, Ricardo Mauro, Juan Mitre, Marianela Pratti, Laura Reale, María Marta Rodríguez, Silvana Rossi, Gabriela Salomón, Adriana Soto, Carlos Tisera, Inés Tomé; prólogo por Emilio Vaschetto
260 _aBuenos Aires:
_bLa Docta Ignorancia,
_c2021
300 _a222 p.
504 _aBibliografía p.: 203-215.
505 _tGuillermo Belaga / La urgencia subjetiva es un concepto en la formación del analista --
_tRicardo Mauro / La urgencia del ausente --
_tSilvina Gamsie / Lo urgente en la infancia --
_tLucila López / El riesgo en juego. Algunas puntualizaciones para pensar la urgencia en niños y adolescentes --
_tMaría Marta Rodríguez / Urgente a(r)mar. Notas sobre adolescencia --
_tLisandro Isasa / Despertar a la urgencia --
_tGabriela Salomón / Clínica de la urgencia. Acting out y pasaje al acto --
_tAdriana Soto / La urgencia por supervisar --
_tJuan Mitre / Una hospitalidad analítica --
_tPinceladas analíticas en pandemia --
_tAlfredo Carballeda y Carlos Tisera / Addenda I. La interdisciplina en la urgencia --
_tMariano Castelli / Addenda II. Evaluación y manejo de las conductas suicidas
650 1 0 _9141
_aPsicoanálisis
650 1 0 _91367
_aPsiquiatría de urgencia
700 1 _92869
_aIsasa, Lisandro
_ecomp.
700 1 _92845
_aLópez, Lucila
_ecomp.
700 1 _92870
_aBelaga, Guillermo
_eaut.
700 1 _92871
_aCarballeda, Alfredo
_eaut
700 1 _92872
_aCastelli, Mariano
_eaut.
700 1 _92873
_aGamsie, Silvina
_eaut.
700 1 _92874
_aMauro, Ricardo
_eaut.
700 1 _92875
_aMitre, Juan
_eaut.
700 1 _92876
_aPratti, Marianela
_eaut.
700 1 _92877
_aReale, Laura
_eaut.
700 1 _92878
_aRodríguez, María Marta
_eaut.
700 1 _92879
_aRossi, Silvana
_eaut.
700 1 _92880
_aSalomón, Gabriela
_eaut.
700 1 _92881
_aSoto, Adriana
_eaut.
700 1 _92882
_aTisera, Carlos
_eaut.
700 1 _92883
_aTomé, Inés
_eaut.
700 1 _92884
_aVaschetto, Emilio
_epro.
942 _2ddc
_cLI
_e22